[Event "16th Sants Open 2014"]
[Site "Barcelona ESP"]
[Date "2014.08.28"]
[Round "7.13"]
[White "Libiszewski, Fabien"]
[Black "Gurevich, Daniel"]
[Result "1-0"]
[WhiteTitle "GM"]
[BlackTitle "FM"]
[WhiteElo "2531"]
[BlackElo "2298"]
[WhiteFideId "616834"]
[BlackFideId "2044676"]
[EventDate "2014.08.22"]

1. e4 c5 2. Nf3 Nc6 3. Bb5 g6 4. Bxc6 dxc6 5. d3 Nf6 6. h3 Bg7 7. Nc3 Nd7 8. Be3
e5 9. Qd2 h6 10. O-O Qe7 11. Nh2 Nf8 12. f4 exf4 13. Bxf4 Ne6 14. Bg3 O-O 15. e5
Nd4 16. Rae1 Nf5 17. Bf2 h5 18. Nf3 b6 19. Ne4 Bh6 20. Qc3 Be6 21. Nf6+ Kg7 22.
g4 Nd4 23. Bxd4 cxd4 24. Qxd4 Rad8 25. Qf2 Kh8 26. gxh5 Kg7 27. hxg6 fxg6 28.
Nd4 Bd5 29. c4 1-0

[Event "16th Sants Open 2014"]
[Site "Barcelona ESP"]
[Date "2014.08.28"]
[Round "7.14"]
[White "Strunski, Andreas"]
[Black "Delorme, Axel"]
[Result "1-0"]
[WhiteTitle "IM"]
[BlackTitle "IM"]
[WhiteElo "2352"]
[BlackElo "2501"]
[WhiteFideId "24606073"]
[BlackFideId "632023"]
[EventDate "2014.08.22"]

1. d4 Nf6 2. c4 e6 3. Nc3 Bb4 4. Qc2 O-O 5. a3 Bxc3+ 6. Qxc3 Qe8 7. g3 d6 8. Nf3
a5 9. Bg2 a4 10. O-O Ra7 11. Bg5 Ne4 12. Qe3 f5 13. d5 b6 14. dxe6 Bxe6 15. Nd2
Nxd2 16. Qxd2 Bxc4 17. Rac1 Bb3 18. Rfe1 Nd7 19. e4 Qf7 20. exf5 Qxf5 21. Be4
Qf7 22. Rc3 Nc5 23. Bc6 Ne6 24. Rxb3 axb3 25. Rxe6 Ra5 26. Re7 Qc4 27. Rxc7 Rc5
28. Bg2 Qc2 29. Rxc5 bxc5 30. Bd5+ Kh8 31. Be3 Qb1+ 32. Kg2 Qf5 33. Qd1 c4 34.
Qd4 c3 35. Be4 Qf7 36. Qxc3 d5 37. Bd3 Qf3+ 38. Kf1 Qd1+ 39. Kg2 Qf3+ 40. Kg1
Qd1+ 41. Bf1 Re8 42. Kg2 Qc2 43. Bd4 Rc8 1-0

[Event "16th Sants Open 2014"]
[Site "Barcelona ESP"]
[Date "2014.08.28"]
[Round "7.15"]
[White "Vehi Bach, Victor Manuel"]
[Black "Gomez Garrido, Camilo Ernesto"]
[Result "1/2-1/2"]
[WhiteTitle "IM"]
[BlackTitle "IM"]
[WhiteElo "2316"]
[BlackElo "2496"]
[WhiteFideId "2200228"]
[BlackFideId "3507904"]
[EventDate "2014.08.22"]

1. e4 c5 2. Nf3 d6 3. d4 cxd4 4. Nxd4 Nf6 5. Nc3 a6 6. Be3 e6 7. Be2 Qc7 8. a4
b6 9. f4 Bb7 10. Bf3 Nbd7 11. Qe2 Be7 12. g4 h6 13. g5 hxg5 14. fxg5 Nh7 15. g6
Bh4+ 16. Kd2 Nhf6 17. gxf7+ Kxf7 18. Rhg1 Rh7 19. Raf1 Ne5 20. Bh5+ Kg8 21. Bg6
Nxg6 22. Rxg6 Re8 23. Qg2 Kh8 24. Kc1 Qc4 25. Rg1 Re7 26. Bf2 Bxf2 27. Rxf6 Be3+
28. Kb1 Qc8 29. Qf3 gxf6 30. Qxf6+ Rhg7 31. Rxg7 Rxg7 32. Nxe6 Qd7 33. Nxg7 Qxg7
34. Qxd6 Bc5 35. Qd8+ Kh7 36. Qh4+ Kg8 37. Qd8+ Qf8 38. Qg5+ Kf7 39. Nd5 Bxd5
40. Qxd5+ Kg6 41. Qc4 a5 42. Qe6+ Qf6 43. Qg4+ Kf7 44. Qd7+ Be7 45. Qd5+ Kg7 46.
Ka2 Bc5 47. c3 Qf2 48. Qg5+ Kf7 49. Qf5+ Qxf5 50. exf5 Kf6 51. Kb3 Be3 52. Kc4
Bc1 53. b4 Bd2 54. bxa5 bxa5 55. Kd4 Kxf5 56. c4 Ke6 57. Kc5 Kd7 1/2-1/2

[Event "16th Sants Open 2014"]
[Site "Barcelona ESP"]
[Date "2014.08.28"]
[Round "7.16"]
[White "Arias Igual, Alejandro"]
[Black "Graf, Felix"]
[Result "0-1"]
[WhiteElo "2271"]
[BlackElo "2479"]
[WhiteFideId "2254905"]
[BlackFideId "24608904"]
[EventDate "2014.08.22"]

1. d4 e6 2. c4 b6 3. a3 Bb7 4. Nc3 f5 5. d5 Be7 6. g3 Bf6 7. Qc2 Ne7 8. Bg2 O-O
9. Nh3 Na6 10. O-O Nc5 11. Rd1 Qe8 12. Be3 d6 13. Bxc5 bxc5 14. Nf4 exd5 15. Ne6
Rb8 16. Nxf8 Kxf8 17. cxd5 a5 18. e4 Bc8 19. Rab1 Qh5 20. Re1 Ng6 21. f4 fxe4
22. Bxe4 Bg4 23. Bg2 Ne7 24. Qd3 Nf5 25. Ne4 Bd4+ 26. Kh1 h6 27. b3 Kg8 28. Rbc1
Re8 29. Rc2 Kh8 30. Rcc1 Re7 31. Rb1 g5 32. b4 c4 33. Qxd4+ Nxd4 34. bxa5 Nf3 0-1

[Event "16th Sants Open 2014"]
[Site "Barcelona ESP"]
[Date "2014.08.28"]
[Round "7.17"]
[White "Huerga Leache, Mikel"]
[Black "Jaksland, Tim"]
[Result "1-0"]
[WhiteTitle "IM"]
[BlackTitle "FM"]
[WhiteElo "2457"]
[BlackElo "2262"]
[WhiteFideId "2268795"]
[BlackFideId "1401084"]
[EventDate "2014.08.22"]

1. d4 Nf6 2. c4 c5 3. d5 b5 4. cxb5 a6 5. bxa6 g6 6. Nc3 Bxa6 7. e4 Bxf1 8. Kxf1
d6 9. g3 Bg7 10. Kg2 O-O 11. Nf3 Nbd7 12. a4 Ra6 13. Ra3 Qa8 14. Qc2 Rc8 15. Re1
Ng4 16. Nb5 Nb6 17. b3 c4 18. Nbd4 cxb3 19. Qxb3 Nxa4 20. Nc6 Nc5 21. Rxa6 Qxa6
22. Qa3 Rxc6 23. dxc6 Qxc6 24. h3 Nf6 25. e5 dxe5 26. Be3 Ne6 27. Qxe7 Nd5 28.
Qa7 h6 29. Bxh6 Nd4 30. Qb8+ Kh7 31. Bxg7 Nf4+ 32. gxf4 Qxf3+ 33. Kg1 1-0

[Event "16th Sants Open 2014"]
[Site "Barcelona ESP"]
[Date "2014.08.28"]
[Round "7.18"]
[White "Hoffman, Alejandro"]
[Black "Buchenau, Frank"]
[Result "1-0"]
[WhiteTitle "GM"]
[BlackTitle "FM"]
[WhiteElo "2456"]
[BlackElo "2250"]
[WhiteFideId "100340"]
[BlackFideId "4604350"]
[EventDate "2014.08.22"]

1. d4 e6 2. c4 Nf6 3. g3 d5 4. Nf3 c5 5. cxd5 Nxd5 6. Bg2 cxd4 7. O-O Bc5 8.
Nxd4 O-O 9. Nb3 Be7 10. Na3 b6 11. Nc4 Bb7 12. Ne3 Bf6 13. Rb1 Qd7 14. Nxd5 Bxd5
15. Bxd5 exd5 16. Be3 Nc6 17. Bd4 Nxd4 18. Nxd4 Rfe8 19. e3 Re4 20. Ne2 d4 21.
Qd3 Rae8 22. Rfd1 Qe6 23. Nxd4 Qxa2 24. Nb5 Rb4 25. Nc7 Rb3 26. Qd2 Rf8 27. Nd5
Be5 28. Ne7+ Kh8 29. Qd8 1-0

[Event "16th Sants Open 2014"]
[Site "Barcelona ESP"]
[Date "2014.08.28"]
[Round "7.19"]
[White "Perez Pastora, Evarist"]
[Black "Lyrberg, Patrik"]
[Result "0-1"]
[BlackTitle "IM"]
[WhiteElo "2181"]
[BlackElo "2444"]
[WhiteFideId "2258102"]
[BlackFideId "1701975"]
[EventDate "2014.08.22"]

1. e4 e6 2. d4 d5 3. Nc3 Bb4 4. e5 c5 5. Bd2 Ne7 6. Nb5 O-O 7. c3 Ba5 8. dxc5
Ng6 9. Qh5 Nd7 10. Nf3 f6 11. Bd3 Nxc5 12. Bxg6 hxg6 13. Qxg6 Bd7 14. Nd6 Bc7
15. Bh6 Qe7 16. Ng5 fxg5 17. Bxg5 Nd3+ 18. Kd2 Nxe5 19. Bxe7 Nxg6 20. Bxf8 Rxf8
21. Nxb7 Rxf2+ 0-1

[Event "16th Sants Open 2014"]
[Site "Barcelona ESP"]
[Date "2014.08.28"]
[Round "7.20"]
[White "Jorczik, Julian"]
[Black "Maslov, Ivan"]
[Result "1-0"]
[WhiteTitle "IM"]
[WhiteElo "2399"]
[BlackElo "2163"]
[WhiteFideId "24611719"]
[BlackFideId "24169820"]
[EventDate "2014.08.22"]

1. d4 Nf6 2. Nf3 g6 3. c4 Bg7 4. Nc3 O-O 5. e4 d6 6. Be2 e5 7. Be3 exd4 8. Nxd4
Re8 9. f3 c6 10. Bf2 Nbd7 11. O-O Nc5 12. Qd2 Ne6 13. Nc2 Nh5 14. g3 Ng5 15. Be3
Nh3+ 16. Kg2 g5 17. Rad1 Re6 18. Kxh3 Rh6+ 19. Kg2 Bh3+ 20. Kg1 Bxf1 21. Bxf1
Bf6 22. Nd4 Bxd4 23. Qxd4 Ng7 24. h4 Rg6 25. hxg5 Ne6 26. Qxd6 Qa5 27. b4 Qa3
28. Qd2 Rd8 29. Qc1 Qxb4 30. Rxd8+ Nxd8 31. e5 1-0

[Event "16th Sants Open 2014"]
[Site "Barcelona ESP"]
[Date "2014.08.28"]
[Round "7.21"]
[White "Diaz Camallonga, Carles"]
[Black "Perpinya Rofes, Lluis Maria"]
[Result "0-1"]
[BlackTitle "IM"]
[WhiteElo "2261"]
[BlackElo "2391"]
[WhiteFideId "22235256"]
[BlackFideId "2208598"]
[EventDate "2014.08.22"]

1. e4 c5 2. Nf3 e6 3. d4 cxd4 4. Nxd4 Nc6 5. Nxc6 bxc6 6. Bd3 Nf6 7. O-O d6 8.
c4 e5 9. b3 Be7 10. Bb2 O-O 11. Qe2 Nd7 12. Nd2 Nc5 13. Bc2 Qb6 14. Rfd1 Na4 15.
Bxe5 dxe5 16. bxa4 Be6 17. Rab1 Qa6 18. Bb3 Bc5 19. Nf3 f6 20. Ne1 Rad8 21. Nd3
Qa5 22. Qd2 Qxd2 23. Rxd2 Kf7 24. Rbd1 Bb6 25. Nc1 Rxd2 26. Rxd2 Ke7 27. Kf1 Bd4
28. c5 Rb8 29. Rc2 Bc8 30. Nd3 Ba6 31. Bc4 Rb1+ 32. Ke2 Bc8 33. Kf3 h5 34. h3 g5
35. Nc1 f5 36. Bd3 g4+ 37. hxg4 hxg4+ 38. Ke2 f4 39. a5 g3 40. f3 Be3 41. Kd1
Be6 42. Ba6 Ra1 43. Bf1 Kd7 44. Bc4 Bxc4 45. Rxc4 Bxc1 46. Rxc1 Rxa2 47. Rc2
Rxa5 48. Kd2 Kc7 49. Kd3 Ra1 50. Kc4 a5 51. Kb3 Kb7 52. Rb2 Rf1 53. Ka4+ Kc7 54.
Kb3 Rf2 55. Ka2 Rf1 56. Kb3 Rc1 57. Rc2 a4+ 58. Kb2 Rxc2+ 59. Kxc2 Kb7 60. Kc3
Ka6 61. Kb4 a3 0-1

[Event "16th Sants Open 2014"]
[Site "Barcelona ESP"]
[Date "2014.08.28"]
[Round "7.22"]
[White "Handke, Florian"]
[Black "Gschwendtner, Klaus"]
[Result "1-0"]
[WhiteTitle "GM"]
[WhiteElo "2553"]
[BlackElo "2125"]
[WhiteFideId "4634527"]
[BlackFideId "4633598"]
[EventDate "2014.08.22"]

1. b3 Nf6 2. Bb2 d6 3. Bxf6 exf6 4. c4 g6 5. Nc3 Bg7 6. g3 O-O 7. Bg2 a5 8. e3
c6 9. Nge2 Bg4 10. h3 Bxe2 11. Qxe2 Re8 12. d4 f5 13. Qd3 Na6 14. O-O Qf6 15. a3
Rad8 16. Ne2 Qe7 17. Qd2 Qc7 18. Nc3 Nb8 19. b4 axb4 20. axb4 Nd7 21. Qc2 Ra8
22. Qb3 Nf6 23. b5 Rxa1 24. Rxa1 Ne4 25. bxc6 bxc6 26. Bxe4 fxe4 27. Ra6 Qc8 28.
Qa4 c5 29. Nxe4 Rd8 30. Nxd6 Qxh3 31. Ra8 Rxa8 32. Qxa8+ Bf8 33. Qe8 Qe6 34.
Qxe6 fxe6 35. dxc5 Kg7 36. Ne4 Be7 37. c6 Bd8 38. Nd6 1-0

[Event "16th Sants Open 2014"]
[Site "Barcelona ESP"]
[Date "2014.08.28"]
[Round "7.23"]
[White "Granda Zuniga, Julio E"]
[Black "Piepho, Niels"]
[Result "1-0"]
[WhiteTitle "GM"]
[WhiteElo "2663"]
[BlackElo "2293"]
[WhiteFideId "3800024"]
[BlackFideId "4624262"]
[EventDate "2014.08.22"]

1. f4 d5 2. Nf3 c5 3. e3 Nc6 4. Bb5 Nf6 5. Bxc6+ bxc6 6. O-O Bg4 7. b3 e6 8. Bb2
Be7 9. d3 O-O 10. Nbd2 Qc7 11. Qe1 Bxf3 12. Rxf3 Nd7 13. e4 Rfe8 14. Qg3 f6 15.
a4 Rab8 16. Kh1 Rb7 17. Re1 Nf8 18. Qg4 Qa5 19. Re2 Qd8 20. Bc3 Kh8 21. h4 Bd6
22. h5 Rf7 23. Qh4 Bc7 24. Nf1 e5 25. exd5 exf4 26. Rxe8 Qxe8 27. dxc6 Qxc6 28.
h6 g6 29. Nd2 Kg8 30. Rf1 g5 31. Qh5 Nd7 32. Re1 Be5 33. Ba5 Nf8 34. Nf3 Ng6 35.
Nxe5 fxe5 36. Qxg5 f3 37. Bd2 Qd7 38. Be3 Rf5 39. Qg4 fxg2+ 40. Kh2 Qf7 41. Rg1
Qf6 42. Rxg2 Qf8 43. Qg3 Kf7 44. Rf2 Nf4 45. Bxf4 exf4 46. Qxf4 1-0

[Event "16th Sants Open 2014"]
[Site "Barcelona ESP"]
[Date "2014.08.28"]
[Round "7.24"]
[White "Delorme, Alban"]
[Black "Cruz, Cristhian"]
[Result "0-1"]
[WhiteTitle "FM"]
[BlackTitle "GM"]
[WhiteElo "2280"]
[BlackElo "2553"]
[WhiteFideId "623636"]
[BlackFideId "3801969"]
[EventDate "2014.08.22"]

1. d4 Nf6 2. Nf3 e6 3. g3 b6 4. Bg2 Bb7 5. O-O c5 6. c4 cxd4 7. Qxd4 Be7 8. Nc3
d6 9. Rd1 a6 10. b3 Nbd7 11. Ba3 Nc5 12. b4 Ncd7 13. Rac1 O-O 14. h3 Rc8 15. g4
h6 16. b5 Nc5 17. Bb2 Re8 18. bxa6 Bxa6 19. Nb5 Bxb5 20. cxb5 Ra8 21. g5 hxg5
22. Nxg5 Rxa2 23. Bc6 Rf8 24. Qh4 Rxb2 25. Rxc5 dxc5 26. Rxd8 Rxd8 27. Be4 Rxe2
28. Bh7+ Kf8 29. Be4 Kg8 30. Bh7+ Kf8 31. Be4 Bd6 32. Qh8+ Ke7 33. Qxg7 Rf8 34.
Bg6 Be5 35. Nxf7 Nh5 36. Qh7 Re1+ 37. Kg2 Nf4+ 38. Kh2 0-1

[Event "16th Sants Open 2014"]
[Site "Barcelona ESP"]
[Date "2014.08.28"]
[Round "7.25"]
[White "Klein, David"]
[Black "Kvisvik, Brede"]
[Result "1-0"]
[WhiteTitle "IM"]
[BlackTitle "FM"]
[WhiteElo "2498"]
[BlackElo "2290"]
[WhiteFideId "1003623"]
[BlackFideId "1502999"]
[EventDate "2014.08.22"]

1. e4 e6 2. Qe2 c5 3. Nf3 Nc6 4. g3 e5 5. d3 d6 6. Bg2 g6 7. Nc3 Bg7 8. Nd5 Nge7
9. Bg5 Qa5+ 10. Bd2 Qd8 11. Bg5 Qa5+ 12. Bd2 Qd8 13. Nxe7 Qxe7 14. c3 h6 15. h4
Bg4 16. Bh3 Bxh3 17. Rxh3 Qe6 18. Rh1 d5 19. h5 O-O-O 20. Nh2 c4 21. dxc4 dxe4
22. O-O-O f5 23. Nf1 g5 24. g4 f4 25. Qxe4 Qxg4 26. f3 Qd7 27. Nh2 Qd3 28. Rhe1
Qxe4 29. Rxe4 Rd3 30. Be1 Rxd1+ 31. Kxd1 Rd8+ 32. Ke2 Kd7 33. Bf2 Ne7 34. Ng4
Ke6 35. c5 Nc6 36. b4 a6 37. a4 Ne7 38. b5 axb5 39. axb5 Ra8 40. Nxe5 Bxe5 41.
Bd4 Nf5 42. Rxe5+ Kf6 43. Re4+ Kf7 44. Kd3 Nh4 45. c6 bxc6 46. b6 Nxf3 47. Bc5
Kf6 48. b7 Rd8+ 49. Kc2 Rb8 50. Re7 g4 51. Ba7 Rd8 52. Rc7 Ne1+ 53. Kb3 f3 54.
Bd4+ Kg5 55. Rc8 Rd5 56. Rg8+ Kh4 57. c4 Rxd4 58. b8=Q Re4 59. Qh2# 1-0

[Event "16th Sants Open 2014"]
[Site "Barcelona ESP"]
[Date "2014.08.28"]
[Round "7.26"]
[White "Collins, Sam E."]
[Black "Gruenter, Martin"]
[Result "1-0"]
[WhiteTitle "IM"]
[WhiteElo "2495"]
[BlackElo "2275"]
[WhiteFideId "2501198"]
[BlackFideId "24640352"]
[EventDate "2014.08.22"]

1. Nf3 Nf6 2. g3 b6 3. Bg2 Bb7 4. O-O c5 5. c4 e6 6. e3 Be7 7. d4 Qc7 8. b3 a6
9. Bb2 cxd4 10. exd4 d5 11. Qe2 Nbd7 12. Nbd2 O-O 13. Rac1 Qb8 14. Ne5 Bd6 15.
Bh3 Bxe5 16. dxe5 Ne4 17. Nxe4 dxe4 18. Bg2 Nxe5 19. Bxe4 Bxe4 20. Qxe4 Nd7 21.
Qg4 Ne5 22. Qe4 Nd7 23. Rfd1 Ra7 24. Rd2 Nf6 25. Qh4 Rd8 26. Bxf6 gxf6 27. Qxf6
Rad7 28. Rcd1 Rxd2 29. Rxd2 Rxd2 30. Qg5+ Kf8 31. Qxd2 Qe5 32. Qd8+ Kg7 33. Qxb6
Qa1+ 34. Kg2 Qxa2 35. Qd4+ Kg8 36. Qc3 Qe2 37. c5 Qe4+ 38. Qf3 Qe5 39. b4 Qb8
40. Qe4 Kf8 41. Qxh7 Qb7+ 42. f3 Qb5 43. Qe4 a5 44. c6 Qb6 45. Qc2 1-0

[Event "16th Sants Open 2014"]
[Site "Barcelona ESP"]
[Date "2014.08.28"]
[Round "7.27"]
[White "Lemeaux, David"]
[Black "Galliamova, Alisa"]
[Result "0-1"]
[BlackTitle "IM"]
[WhiteElo "2267"]
[BlackElo "2472"]
[WhiteFideId "613843"]
[BlackFideId "4129725"]
[EventDate "2014.08.22"]

1. d4 d5 2. c4 c6 3. Nf3 Nf6 4. Nc3 e6 5. Bg5 Be7 6. e3 O-O 7. Rc1 b6 8. cxd5
exd5 9. Ne5 Nfd7 10. Bxe7 Qxe7 11. Nxd7 Nxd7 12. Be2 f5 13. Bf3 Nf6 14. O-O g5
15. Be2 Bd7 16. Bd3 Ng4 17. h3 Nf6 18. Qc2 Nh5 19. Rce1 Qg7 20. Qd1 Nf6 21. Qf3
Rae8 22. Qg3 Re7 23. Bc2 Rfe8 24. f4 g4 25. h4 Nh5 26. Qf2 g3 27. Qf3 Nf6 28.
Bd1 Kh8 29. Bc2 Rg8 30. Ne2 Ne4 31. Nc1 Qf6 0-1

[Event "16th Sants Open 2014"]
[Site "Barcelona ESP"]
[Date "2014.08.28"]
[Round "7.28"]
[White "Bendayan Claros, Aaron"]
[Black "Cruz, Jonathan"]
[Result "1/2-1/2"]
[BlackTitle "IM"]
[WhiteElo "2216"]
[BlackElo "2459"]
[WhiteFideId "3803392"]
[BlackFideId "3802124"]
[EventDate "2014.08.22"]

1. d4 Nf6 2. c4 c5 3. d5 g6 4. Nc3 d6 5. e4 Bg7 6. f4 O-O 7. Be2 e6 8. Nf3 exd5
9. cxd5 Bg4 10. Nd2 Bxe2 11. Qxe2 Nh5 12. O-O Bd4+ 13. Kh1 Qh4 14. Qf3 f5 15.
Nb5 Nd7 16. Nxd6 fxe4 17. N2xe4 Ne5 18. Qh3 Qxh3 19. gxh3 Rad8 20. Be3 Nf7 21.
Nxf7 Rxf7 22. Bxd4 cxd4 23. d6 Nf6 24. Nxf6+ Rxf6 25. Rad1 Rdxd6 26. Rd2 Kg7 27.
Kg2 Rf7 28. Kg3 d3 29. Rf3 Rfd7 30. Re3 Kf6 31. Kg4 Rd4 32. h4 R7d5 33. Kg3 Kf5
34. Re8 Rc4 35. Rf8+ Ke4 36. Re8+ Kd4 37. Kf3 Rc1 38. Re4+ Kc5 39. b3 a5 40. Re3
Rc3 41. Re7 Rc2 42. Rxc2+ dxc2 43. Rc7+ Kb4 44. Rxc2 Ka3 45. Re2 Rf5 46. Re7 b5
47. Rxh7 Kxa2 48. h5 gxh5 49. Ke4 Rc5 50. Kd4 Rf5 51. Ke4 Rc5 52. Kd4 1/2-1/2

[Event "16th Sants Open 2014"]
[Site "Barcelona ESP"]
[Date "2014.08.28"]
[Round "7.29"]
[White "Oliva Castaneda, Kevel"]
[Black "Van der Lende, Ilias"]
[Result "1/2-1/2"]
[WhiteTitle "FM"]
[WhiteElo "2446"]
[BlackElo "2223"]
[WhiteFideId "3500799"]
[BlackFideId "1019260"]
[EventDate "2014.08.22"]

1. Nf3 e6 2. g3 d5 3. Bg2 Nf6 4. c4 Be7 5. O-O O-O 6. d4 dxc4 7. Qa4 a6 8. Qxc4
b5 9. Qc2 Bb7 10. Bd2 Be4 11. Qc1 Bb7 12. Bf4 Bd6 13. Nbd2 Nd5 14. Nb3 Nxf4 15.
gxf4 Nd7 16. e3 Rc8 17. Nc5 Bxc5 18. dxc5 Bd5 19. Rd1 Qf6 20. e4 Bc6 21. Nd4 Nb8
22. Rd3 Rcd8 23. Qd2 e5 24. fxe5 Qxe5 25. b4 Rd7 26. f4 Qf6 27. Rd1 Rfd8 28. Qf2
h6 29. R3d2 Ba8 30. Qe3 Qg6 31. Nf5 Kh7 32. Rxd7 Rxd7 33. Rxd7 Nxd7 34. Qd3 Nf6
35. Ng3 h5 36. f5 Qg5 37. e5 Qc1+ 38. Bf1 h4 39. exf6 hxg3 40. Qxg3 gxf6 41.
Qh4+ Kg7 42. Qg3+ Kh7 43. Qh4+ Kg7 44. Qg3+ Kf8 45. h4 Bd5 46. a3 Bc4 47. Qf3 c6
48. Qf2 Kg7 49. Kg2 Qxa3 50. Qd2 Qa1 51. Be2 Qb1 52. Bf3 Qxf5 53. Qd4 Qe6 54.
Qd6 Qe3 55. h5 Bf1+ 56. Kg3 Be2 57. Qxc6 Qg1+ 58. Bg2 Qe3+ 59. Kh2 Qe5+ 60. Kg1
Qd4+ 61. Kh2 Qf4+ 62. Kg1 Qxb4 63. h6+ Kg6 64. Be4+ Kg5 65. Qd5+ Kxh6 66. Qf5
Qe1+ 67. Kg2 Bf1+ 68. Kh2 Qh4+ 69. Kg1 Bh3 70. Qf3 Qg4+ 71. Qxg4 Bxg4 72. Kf2
Bc8 73. Ke3 Kg5 74. Kd4 f5 75. Ba8 Kf6 76. c6 Ke7 77. Kc5 f4 78. Bb7 Bg4 79.
Bxa6 b4 80. Kxb4 Kd6 81. Kc3 Kxc6 82. Kd2 Kb6 83. Bf1 Kc5 84. Ke1 Kd4 85. Kf2
Bc8 86. Bg2 f5 87. Bf3 Be6 88. Bb7 Bd5 89. Ba6 Be4 90. Bb5 1/2-1/2

[Event "16th Sants Open 2014"]
[Site "Barcelona ESP"]
[Date "2014.08.28"]
[Round "7.30"]
[White "Aronsson, Marten"]
[Black "Cori T., Deysi"]
[Result "1-0"]
[BlackTitle "WGM"]
[WhiteElo "2200"]
[BlackElo "2422"]
[WhiteFideId "1724223"]
[BlackFideId "3801934"]
[EventDate "2014.08.22"]

1. e4 e6 2. d4 d5 3. Nd2 Be7 4. c3 Nf6 5. e5 Nfd7 6. f4 b6 7. Ndf3 c5 8. Bd3 g6
9. Ne2 Ba6 10. a3 Bxd3 11. Qxd3 Nc6 12. b4 cxd4 13. Nexd4 Nxd4 14. Nxd4 Rc8 15.
Bd2 Rc4 16. O-O Qc7 17. Rae1 Kd8 18. g4 Kc8 19. Qg3 Qd8 20. Re2 h5 21. h3 Kb7
22. Qf3 Qg8 23. Nc2 hxg4 24. hxg4 g5 25. Qg2 gxf4 26. Rxf4 Rxf4 27. Bxf4 Bg5 28.
Bg3 b5 29. Nd4 Qh7 30. Nxb5 Qb1+ 31. Kf2 Rh1 32. c4 Kb8 33. cxd5 Bd8 34. Bf4
Bb6+ 35. Be3 Nxe5 36. Bxb6 Nd3+ 37. Ke3 axb6 38. Nc3 Nf4 39. Kxf4 Qc1+ 40. Re3
Re1 41. Qg3 e5+ 42. Ke4 f5+ 43. gxf5 Qc2+ 44. Kxe5 Qxc3+ 45. Ke6+ 1-0

[Event "16th Sants Open 2014"]
[Site "Barcelona ESP"]
[Date "2014.08.28"]
[Round "7.31"]
[White "Mascaro March, Pedro"]
[Black "Capellades Subirana, Marc"]
[Result "1-0"]
[WhiteTitle "IM"]
[BlackTitle "FM"]
[WhiteElo "2417"]
[BlackElo "2188"]
[WhiteFideId "2217570"]
[BlackFideId "2272245"]
[EventDate "2014.08.22"]

1. d4 Nf6 2. Nf3 e6 3. c4 c5 4. d5 d6 5. Nc3 e5 6. e4 Be7 7. h3 Nbd7 8. Be3 Nf8
9. g3 Ng6 10. h4 h5 11. Ng5 Ng4 12. Bd2 Nf8 13. Bh3 Bd7 14. Qf3 Bxg5 15. Bxg5 f6
16. Bd2 a6 17. Qe2 Rb8 18. a3 Ng6 19. Kf1 b5 20. cxb5 axb5 21. b4 O-O 22. Kg2 f5
23. exf5 Bxf5 24. f3 Nh6 25. Bxh6 Bxh3+ 26. Rxh3 gxh6 27. Ne4 cxb4 28. axb4 Ra8
29. Rhh1 Qe7 30. Rhf1 Kh7 31. Rxa8 Rxa8 32. Qxb5 Qg7 33. Kh1 Rd8 34. Qd3 Kh8 35.
b5 Rg8 36. Qd2 Kh7 37. b6 Rf8 38. Qc2 Kh8 39. Qc7 Rf7 40. Qxd6 Kh7 41. Rc1 Nxh4
42. gxh4 Rxf3 43. Ng5+ hxg5 44. Rc7 1-0

[Event "16th Sants Open 2014"]
[Site "Barcelona ESP"]
[Date "2014.08.28"]
[Round "7.32"]
[White "Gomez Ledo, Roberto Carlos"]
[Black "Roig Grau, Jesus"]
[Result "1-0"]
[WhiteTitle "IM"]
[WhiteElo "2411"]
[BlackElo "2183"]
[WhiteFideId "3507076"]
[BlackFideId "2229625"]
[EventDate "2014.08.22"]

1. d4 d5 2. c4 e6 3. Nc3 Nf6 4. e3 dxc4 5. Bxc4 c5 6. Nf3 Be7 7. O-O O-O 8. Qe2
a6 9. a4 Nc6 10. Rd1 Qc7 11. Bd2 Rd8 12. Be1 b6 13. Rac1 Bb7 14. h3 h6 15. d5
exd5 16. Bxd5 Nb4 17. Bc4 Nc6 18. Rxd8+ Bxd8 19. Rd1 Ne5 20. Bd5 Nxd5 21. Nxd5
Bxd5 22. Rxd5 Bf6 23. Nxe5 Bxe5 24. b3 Bf6 25. Kf1 Qc6 26. Qc4 g6 27. a5 Rb8 28.
axb6 Qxb6 29. Rxc5 Qxb3 30. Qxb3 Rxb3 31. Rc6 Kg7 32. Rxa6 Rb2 33. Rxf6 1-0

[Event "16th Sants Open 2014"]
[Site "Barcelona ESP"]
[Date "2014.08.28"]
[Round "7.34"]
[White "Mende, Andreas"]
[Black "Gonzalez Rodriguez, Jorge A."]
[Result "0-1"]
[WhiteTitle "CM"]
[BlackTitle "IM"]
[WhiteElo "2148"]
[BlackElo "2382"]
[WhiteFideId "4631102"]
[BlackFideId "4400240"]
[EventDate "2014.08.22"]

1. d4 Nf6 2. c4 e6 3. g3 d5 4. Nf3 c6 5. Bg2 Nbd7 6. O-O dxc4 7. a4 a5 8. Qc2
Nb6 9. e4 Bb4 10. Nbd2 O-O 11. e5 Nfd5 12. Nxc4 Nxc4 13. Qxc4 b6 14. Bg5 Qd7 15.
Rfc1 Bb7 16. Bd2 Rfc8 17. Qe2 Ba6 18. Qe4 h6 19. Qg4 Kh8 20. Qh5 Bd3 21. Bc3 Bg6
22. Qh3 Bf5 23. Qh5 Bg6 24. Qh3 b5 25. Nd2 Bxc3 26. bxc3 b4 27. cxb4 Nxb4 28.
Nb3 Bc2 29. Rxc2 Nxc2 30. Rd1 Rab8 31. Nc5 Qe7 32. Be4 Nxd4 33. Na6 Ne2+ 34. Kf1
Nc3 35. Nxb8 Nxd1 36. Nxc6 Qc5 37. Qg2 Nc3 38. Bf3 Qc4+ 39. Kg1 Rxc6 40. Bxc6
Ne2+ 41. Kf1 Nf4+ 0-1

[Event "16th Sants Open 2014"]
[Site "Barcelona ESP"]
[Date "2014.08.28"]
[Round "7.35"]
[White "Zude, Erik"]
[Black "Locci, Damiano"]
[Result "1/2-1/2"]
[WhiteTitle "IM"]
[WhiteElo "2381"]
[BlackElo "2113"]
[WhiteFideId "4604644"]
[BlackFideId "819751"]
[EventDate "2014.08.22"]

1. d4 d5 2. c4 c6 3. Nc3 Nf6 4. Nf3 e6 5. e3 Nbd7 6. Bd3 a6 7. e4 dxc4 8. Bxc4
c5 9. O-O b5 10. Bb3 cxd4 11. Nxd4 Bc5 12. Be3 Qb6 13. a4 Bb7 14. axb5 axb5 15.
Rxa8+ Bxa8 16. Re1 O-O 17. Ndxb5 Bxe3 18. Rxe3 Bxe4 19. Qd6 Qxd6 20. Nxd6 Bc6
21. Bc4 Rb8 22. Ndb5 Nb6 1/2-1/2

[Event "16th Sants Open 2014"]
[Site "Barcelona ESP"]
[Date "2014.08.28"]
[Round "7.36"]
[White "Martinez Gutierrez, Bernard"]
[Black "Martinez Alcantara, Jose Eduardo"]
[Result "0-1"]
[BlackTitle "FM"]
[WhiteElo "2061"]
[BlackElo "2379"]
[WhiteFideId "2229188"]
[BlackFideId "3805662"]
[EventDate "2014.08.22"]

1. c4 c5 2. g3 Nc6 3. Bg2 g6 4. Nc3 Bg7 5. Nf3 e6 6. O-O Nge7 7. d3 d5 8. cxd5
exd5 9. Bg5 Be6 10. e4 dxe4 11. dxe4 O-O 12. Qe2 h6 13. Rfd1 Nd4 14. Nxd4 cxd4
15. Bxe7 Qxe7 16. Nb5 Rad8 17. e5 d3 18. Qe3 Bc4 19. Nd6 b5 20. Nxc4 bxc4 21. f4
f6 22. Rac1 Qe6 23. Qe4 fxe5 24. Qxc4 Qxc4 25. Rxc4 exf4 26. Be4 fxg3 27. Rxd3
gxh2+ 28. Kxh2 Rxd3 29. Bxd3 Rf2+ 30. Kg3 Rxb2 31. Rc7 0-1